000 00615nam a2200253Ia 4500
005 20260121154658.0
008 008 260114s9999 xx 000 0 eng d
020 _a9780429270260
037 _aEBOOK
040 _aCRL
040 _beng
040 _cCRL
041 _2eng
041 _aeng
084 _qCRL
100 _a Divya Sharma
_91010180
245 0 _aEthics, Ethnocentrism and Social Science Research
260 _bTaylor and Francis
260 _c2021
856 _uhttp://www.taylorfrancis.com/books/9780429270260
942 _cEBOOK
999 _c1577001
_d1577001